<?xml version="1.0" encoding="UTF-8"?><?xml-stylesheet type="text/xsl" href="static/style.xsl"?><OAI-PMH xmlns="http://www.openarchives.org/OAI/2.0/" xmlns:xsi="http://www.w3.org/2001/XMLSchema-instance" xsi:schemaLocation="http://www.openarchives.org/OAI/2.0/ http://www.openarchives.org/OAI/2.0/OAI-PMH.xsd"><responseDate>2026-04-29T01:00:01Z</responseDate><request verb="GetRecord" identifier="oai:repisalud.isciii.es:20.500.12105/10547" metadataPrefix="marc">https://repisalud.isciii.es/rest/oai/request</request><GetRecord><record><header><identifier>oai:repisalud.isciii.es:20.500.12105/10547</identifier><datestamp>2024-09-27T21:44:10Z</datestamp><setSpec>com_20.500.12105_2052</setSpec><setSpec>com_20.500.12105_2051</setSpec><setSpec>col_20.500.12105_19609</setSpec></header><metadata><record xmlns="http://www.loc.gov/MARC21/slim" xmlns:dcterms="http://purl.org/dc/terms/" xmlns:doc="http://www.lyncode.com/xoai" xmlns:xsi="http://www.w3.org/2001/XMLSchema-instance" xsi:schemaLocation="http://www.loc.gov/MARC21/slim http://www.loc.gov/standards/marcxml/schema/MARC21slim.xsd">
   <leader>00925njm 22002777a 4500</leader>
   <datafield ind2=" " ind1=" " tag="042">
      <subfield code="a">dc</subfield>
   </datafield>
   <datafield ind2=" " ind1=" " tag="720">
      <subfield code="a">Barrera, Juan P</subfield>
      <subfield code="e">author</subfield>
   </datafield>
   <datafield ind2=" " ind1=" " tag="720">
      <subfield code="a">Rodríguez, Elena</subfield>
      <subfield code="e">author</subfield>
   </datafield>
   <datafield ind2=" " ind1=" " tag="720">
      <subfield code="a">Checa, Rocío</subfield>
      <subfield code="e">author</subfield>
   </datafield>
   <datafield ind2=" " ind1=" " tag="720">
      <subfield code="a">López, Ana M</subfield>
      <subfield code="e">author</subfield>
   </datafield>
   <datafield ind2=" " ind1=" " tag="720">
      <subfield code="a">Fidalgo, Luis E</subfield>
      <subfield code="e">author</subfield>
   </datafield>
   <datafield ind2=" " ind1=" " tag="720">
      <subfield code="a">Gálvez, Rosa</subfield>
      <subfield code="e">author</subfield>
   </datafield>
   <datafield ind2=" " ind1=" " tag="720">
      <subfield code="a">Marino, Valentina</subfield>
      <subfield code="e">author</subfield>
   </datafield>
   <datafield ind2=" " ind1=" " tag="720">
      <subfield code="a">Miró, Guadalupe</subfield>
      <subfield code="e">author</subfield>
   </datafield>
   <datafield ind2=" " ind1=" " tag="720">
      <subfield code="a">Montoya, Ana</subfield>
      <subfield code="e">author</subfield>
   </datafield>
   <datafield ind2=" " ind1=" " tag="720">
      <subfield code="a">Carmena, David</subfield>
      <subfield code="e">author</subfield>
   </datafield>
   <datafield ind2=" " ind1=" " tag="720">
      <subfield code="a">Fuentes Corripio, Isabel</subfield>
      <subfield code="e">author</subfield>
   </datafield>
   <datafield ind2=" " ind1=" " tag="260">
      <subfield code="c">2020-04-17</subfield>
   </datafield>
   <datafield ind2=" " ind1=" " tag="520">
      <subfield code="a">Giardia duodenalis and Cryptosporidium spp. are ubiquitous intestinal protozoa that parasitize domestic and wild animals, as well as human beings. Due to their zoonotic potential, the objective of the present study was to determine the presence of these pathogens in the fox population (Vulpes vulpes) located in Northwest Spain. A total of 197 faecal samples from legally hunted foxes were collected in the autonomous region of Galicia. The presence of G. duodenalis and Cryptosporidium spp. was investigated by PCR-based methods amplifying the small subunit ribosomal RNA (ssu rRNA) gene of the parasites. Attempts to genotype obtained positive samples were subsequently conducted at the glutamate dehydrogenase (gdh) and β-giardin (bg) genes of G. duodenalis, and the 60 kDa glycoprotein (gp60) gene of Cryptosporidium. Giardia duodenalis and Cryptosporidium spp. were identified in 19 (9.6%) and 12 (6.1%) of the investigated samples, respectively. However, five Cryptosporidium species were detected at the ssu rRNA locus: C. hominis (33.4%, 4/12), C. canis (25.0%, 3/12), C. parvum (16.7%, 2/12), C. ubiquitum (8.3%, 1/12) and C. suis (8.3%, 1/12). An additional Cryptosporidium-positive sample was identified at the genus level only. Typing and subtyping of Giardia- and Cryptosporidium-positive samples were unsuccessful. The detection of C. hominis in wild foxes indicates the probable overlapping of sylvatic and domestic cycles of this parasite in rural settings. Besides, this finding raises the question of whether red foxes may act as natural reservoirs of C. hominis. The detection of C. parvum and C. suis is suggestive of active transmission events between farm and wild animals, opening up the possibility of transmission to human beings.</subfield>
   </datafield>
   <datafield ind1="8" ind2=" " tag="024">
      <subfield code="a">Transbound Emerg Dis. 2020 Apr 17.</subfield>
   </datafield>
   <datafield ind1="8" ind2=" " tag="024">
      <subfield code="a">http://hdl.handle.net/20.500.12105/10547</subfield>
   </datafield>
   <datafield ind1="8" ind2=" " tag="024">
      <subfield code="a">32302466</subfield>
   </datafield>
   <datafield ind1="8" ind2=" " tag="024">
      <subfield code="a">10.1111/tbed.13569</subfield>
   </datafield>
   <datafield ind1="8" ind2=" " tag="024">
      <subfield code="a">1865-1682</subfield>
   </datafield>
   <datafield ind1="8" ind2=" " tag="024">
      <subfield code="a">Transboundary and emerging diseases</subfield>
   </datafield>
   <datafield ind2="0" ind1="0" tag="245">
      <subfield code="a">The red fox (Vulpes vulpes) as a potential natural reservoir of human cryptosporidiosis by Cryptosporidium hominis in Northwest Spain.</subfield>
   </datafield>
</record></metadata></record></GetRecord></OAI-PMH>